00280nam a2200109Ia 4500008004100000041000800041082001500049100001000064245004500074260003300119300001800152241028s9999 xx 000 0 und d aeng a658.83 SHE aSheth aThe HowardSheth Theory Of Buyer Behavior bWiley IndiaaNew Delhic2020 a464;.P. 23 cm